000 00692cab a2200205 4500
001 WB3016-19
008 090401t1994 xxu||||| |||| 00| 0 eng d
035 _a(Sirsi) u36921
041 _aeng
245 _aProperty profits top out
260 _c1994
350 _a0
490 _aSunday Times
_v25 April 1994, 5.3(2)
520 _aAnalyses how commercial property has boomed as an investment sector and describes an offshore property trust being run by Savills Finance and Neil Clerk Capital.
650 _aOFFSHORE INVESTMENT
650 _aPROPERTY TRUSTS
690 _aPROPERTY-COMMERCIAL PROPERTY-COMMERCIAL PROPERTY FINANCE AND INVESTMENT
942 _n0
948 _c04/03/1997
999 _c23894
_d23894